000 00277 a2200109 4500
100 1 _aGrigor'janc, V. V..
_eAutor
245 0 _aLazery /
_cGrigor'janc V. V..
710 2 _aZnanie.
_eWydawca
_4pbl
260 _aMoskva :
_bZnanie,
_c1975.
300 _a61 s.;
_c25 cm.
490 1 _aFizika
830 0 _aFizika
999 _c5763
_d5763